Statistics for U.S States in the Midwest

Click here to take the quiz!

General Stats

  • This quiz has been taken 31 times
  • The average score is 10 of 12

Answer Stats

Answer% Correct
Indiana
92%
Illinois
88%
Kansas
88%
Missouri
88%
Michigan
85%
Minnesota
85%
Nebraska
85%
North Dakota
85%
Ohio
85%
South Dakota
85%
Iowa
81%
Wisconsin
77%

Score Distribution

Percentile by Number Answered

Percent of People with Each Score

Your Score History

You have not taken this quiz